000 00559nam a2200193Ia 4500
003 GCL
008 140319s9999 xx 000 0 ara d
040 _aGCL /
_cGCL
082 0 4 _a863,03
_bخ ع
100 1 _aكاظم جهاد
245 1 0 _aعلى وتيرة النوارس منتخبات سردية . /
_cكاظم جهاد
700 1 _aخوان غوبتبسلو
260 _a[S.N] :
_bدار توبقال للنشر ،
_c1990
300 _a203 ص
490 _a
650 0 4 _aالادب الاسبانى
650 0 4 _aالقصص
942 _2ddc
_cBK
999 _c28312
_d28312